000 00618nam a2200217Ia 4500
008 200601s9999 xx 000 0 und d
020 _a978-93-5269-298-9
050 _aMAIN G 155.A1
050 _b.R35 2019
100 _aRajput, Rama Kant.
245 0 _aHandbook of tourism ethics /
245 0 _cRama Kant Rajput.
260 _aNew Delhi, India :
260 _bRandom Publications,
260 _c2019
300 _a310 pages :
300 _c23 cm.
500 _aIncludes bibliographical references and index.
650 _aTourism -- Social aspects.
650 _xTourism -- Moral and ethical aspects.
999 _c363199
_d363199